Normal view
MARC view
Entry Topical Term
001 - CONTROL NUMBER
- control field: 28554
003 - CONTROL NUMBER IDENTIFIER
- control field: OSt
005 - DATE AND TIME OF LATEST TRANSACTION
- control field: 20240925145217.0
008 - FIXED-LENGTH DATA ELEMENTS
- fixed length control field: 240925|| aca||aabn | a|a d
040 ## - CATALOGING SOURCE
- Original cataloging agency: OSt
- Transcribing agency: OSt
150 ## - HEADING--TOPICAL TERM
- Topical term or geographic name entry element: Action and adventure fiction
- Form subdivision: Cruise ships
- Form subdivision: Detective and mystery fiction
- Form subdivision: Fiction
- Form subdivision: Holography
670 ## - SOURCE DATA FOUND
- Source citation: Work cat.: (OSt): Pearson, Ridley. 28553, Kingdom keepers book v : shell game / , 2012